000 00389nam a2200157Ia 4500
003 GCL
008 140319s9999 xx 000 0 ara d
040 _aGCL /
_cGCL
082 0 4 _aط
_b372.2
_bا ف
100 1 _aانيتا نصار
245 1 0 _aفكر واحزر /
_cانيتا نصار
490 _aكتاب
_v0
650 0 4 _aالاطفال
650 0 4 _aتعليم
942 _2ddc
_cBK
999 _c42786
_d42786